Cette ville est-elle en Allemagne, en Autriche ou en Suisse ? - Statistiques

Statistiques générales
  • Ce quiz a été pris 582 fois
    311 depuis la dernière actualisation
  • Le résultat moyen est 12 sur 15
Statistiques - réponses
Question Réponse % Correct
Bâle Suisse
100%
Bielefeld Allemagne
90%
Graz Autriche
90%
Salzbourg Autriche
89%
Innsbruck Autriche
86%
Winterthour Suisse
85%
Linz Autriche
84%
Karlsruhe Allemagne
82%
Ulm Allemagne
82%
Zoug Suisse
82%
Schaffhouse Suisse
78%
Paderborn Allemagne
70%
Lübeck Allemagne
68%
Sankt Pölten Autriche
67%
Villach Autriche
54%
Aucun quiz correspondant
Distribution des résultats
% des personnes avec chaque résultat
Percentile par nombre de réponses
Votre historique - résultats
Vous n’avez pas pris ce quiz depuis la dernière actualisation